Anagrammes de Pays - Statistiques

Statistiques générales
  • Ce quiz a été pris 1 712 fois
  • Le résultat moyen est 7 sur 10
Statistiques - réponses
Anagramme Pays % Correct
BILAN Liban
97%
NICHE Chine
96%
BIERES Serbie
81%
LIBRES Brésil
80%
AUMONIER Roumanie
71%
INUSITE Tunisie
71%
GALENES Sénégal
69%
GAINIER Nigeria
67%
RELAIS Israel
42%
MANIEURS Suriname
33%
Aucun quiz correspondant
Distribution des résultats
% des personnes avec chaque résultat
Percentile par nombre de réponses
Votre historique - résultats
Vous n’avez pas pris ce quiz